000 00472nam a2200193Ia 4500
005 20240823041300.0
008 240823s9999||||xx |||||||||||||| ||und||
020 _a81-7823-364-9
041 _aENGLISH
082 _A294.5640924 Q3
100 _aSwami Tapasyananda
245 0 _aSwami vivekananda his life and legacy
250 _a1st
260 _c2013
_bSri Ramakrishna
500 _aDISPLAY
650 _aVivekananda
_bGeneral
942 _cBK
999 _c205129
_d205129